000 00599nam a2200229Ia 4500
003 OSt
005 20221006164456.0
006 a|||||r|||| 00| 0
007 ta
008 221006b |||||||| |||| 00| 0 eng d
024 _a2,836
037 _cTextual
040 _aFML
_cFML
_beng
041 _2eng
_aeng
082 _aO11,2J64y8, K1
100 _aSen N B Au.
_9677574
245 0 _aWit and Wisdon of Shakespear
260 _aNew Delhi
_bNew Book Society
_c1961
300 _a400
_ccm.
942 _hO11,2J64y8, K1
_cTEXL
_2CC
999 _c1117392
_d1117392